LEADER 00684nam a2200181 i 4500 001 000000242981 003 CaOOAMICUS 005 20150619000000.0 008 150619s1835 it u000 u ita u 013 $a221886 040 $aSeMil$bita 245 10$aTomo 4. 300 $a295 p. 773 0 $tClassici sacri oratori greci, latini, italiani e francesi.$dFirenze : Tipografia della speranza, 1832.$g28$w()17368 773 0 $tCollezione di sacri oratori francesi.$dFirenze : Tipografia della speranza, 1832-1835.$g4$w()32076 850 $aSeMil 852 $aSeMil$W1$xVenegono$y1$m1B III 33 FA$j193327$B193327$CSeMilBibl$Z2$F204118 $8I 996 $6245$aTomo 4$9(OLS)http://semarc/title/136909 LEADER 01109nam a2200217 i 4500 001 000000226453 003 CaOOAMICUS 005 20140123000000.0 008 140123s1939 it u000 u fre u 013 $a205355 040 $aSeMil$bita 245 10$aJob et l'Ecclésiaste ; L'Ecclésiastique ; La Sagesse. 300 $aXII, 670 p. 650 4$aBibbia. Antico Testamento. Giobbe - Commentari, studi, critica, interpretazioni.$0(OLS)http://semarc/subject/182 650 4$aBibbia. Antico Testamento. Qohelet - Commentari, studi, critica, interpretazioni.$0(OLS)http://semarc/subject/6967 650 4$aBibbia. Antico testamento. Sapienza - Commentari, studi, critica, interpretazioni.$0(OLS)http://semarc/subject/2660 700 1 $aDuesberg, Hilaire,$c.$0(OLS)http://semarc/name/13394 773 0 $aDuesberg, Hilaire $tScribes inspirés.$dParis : Desclée de Brouwer, 1938.$w()29355 850 $aSeMil 852 $aSeMil$W1$xVenegono$y1$m2W IV 112/2$j176799$B176799$CSeMilBibl$Z2$F187730 $81 996 $6245$aJob et l'Ecclésiaste ; L'Ecclésiastique ; La Sagesse$9(OLS)http://semarc/title/324246